[Event "Stepanakert Petrosian Memorial"]
[Site "Stepanakert"]
[Date "2004.03.09"]
[Round "1"]
[White "Sveshnikov, Evgeny"]
[Black "Ghaem Maghami, Ehsan"]
[Result "1-0"]
[WhiteElo "2557"]
[BlackElo "2549"]
[Annotator "Erenburg,S"]
[PlyCount "113"]
[EventDate "2004.03.09"]
[EventType "tourn"]
[EventRounds "9"]
[EventCountry "ARM"]
[EventCategory "13"]
[SourceTitle "CBM 100"]
[Source "ChessBase"]
[SourceDate "2004.06.01"]
[SourceVersion "1"]
[SourceVersionDate "2004.06.01"]
[SourceQuality "1"]

1. e4 g6 2. d4 Bg7 3. Nc3 c5 4. dxc5 {White chooses a more aggressive
continuation.} ({While the "1.d4 player" would prefer the following line, as
it transforms to Benoni:} 4. d5 Nf6 5. e5 Ng8 6. Nf3 d6 7. Bf4 dxe5 8. Nxe5 Nd7
9. Nxd7 Bxd7 10. Bc4 Rc8 11. O-O Nf6 12. Re1 $14 {1-0 Svidler,P-Simon,F/
Darmstadt 2000/CBM 76 ext (29)}) 4... Qa5 5. Bd2 {Three years ago Sveshnikov
prefered Nge2 and lost:} (5. Nge2 {0-1 Sveshnikov,E-Inarkiev,E/Elista 2001/CBM
83/[Hecht] (121)}) 5... Qxc5 6. Nd5 Na6 (6... b6 {1/2-1/2 Pirrot,D-Bangiev,A/
Dudweiler 1996/CBM 55 ext/[Bangiev] (38)}) (6... Bxb2 $2 {loses immediately:}
7. Rb1 (7. Bb4 Qd4 8. Qxd4 Bxd4 9. O-O-O Bb6 $13) 7... Be5 (7... Ba3 8. Rb3 Qd6
9. Qa1 f6 10. Rxa3 Qxa3 11. Nc7+ Kd8 12. Nxa8 $18) 8. f4 Bc7 9. Bb4 (9. Rb5 Qc6
10. Rb3 Bb6 11. Rc3 Bc5 12. Bb5 $18) 9... Ba5 10. c3 $18) 7. Nf3 {The main
continuation, and, in my opinion, the most principal one.} (7. c3 {1/2-1/2
Laptev,D-Loginov,A/Moscow 1998/CBM 63/[Yudasin,L] (37)}) (7. Bxa6 {is
interesting one as well:} bxa6 8. Bb4 Qc4 9. Qd3 Qxd3 10. cxd3 Rb8 11. Bc3
Bxc3+ 12. bxc3 e6 13. Ne3 f5 $6 14. e5 $16 {1-0 Gyimesi,Z-Orso,M/Hungary 1999/
EXT 2000 (60)}) 7... Bxb2 {looks very dangerous. While other possibilities are
not so attractrive for black as well:} (7... Nf6 8. b4 $1 Qc6 (8... Qd6 9. Bf4
$18) 9. Nd4 Qd6 10. Bf4 e5 11. Nb5 Qb8 12. Ndc7+ Nxc7 13. Bxe5 Nxb5 14. Bxb8
Nxe4 15. Bxb5 $18) (7... e6 8. Bxa6 (8. Bc3 Bxc3+ 9. Nxc3 Ne7 10. Qd2 Nc7 11.
e5 Qa5 12. Ne4 Qxd2+ 13. Nfxd2 Nc6 14. Nc4 $16 {1-0 Lukin,A-Peresipkin,V/
Daugavpils 1978/MCD (35)}) 8... bxa6 9. Bb4 Qc6 10. O-O f6 11. Re1 Kf7 12. Qe2
Nh6 13. Qd2 $6 (13. Nf4 $16) 13... exd5 14. exd5 Qb6 15. Re7+ Kg8 16. Re8+ Kf7
17. Re7+ Kg8 18. Re8+ Kf7 19. Re7+ {1/2-1/2 Hnydiuk,A-Jaracz,P/Zakopane 2000/
CBM 78 ext (19)}) 8. Rb1 Bg7 9. Bxa6 bxa6 10. O-O $32 {White's development
advantage is enormous, and only for one pawn, which is doubled! It is quite
difficult for me to understand why black players choose this variation...} a5 {
covering the b4 square. Other continuations don't neutralize white's dangerous
initiative:} (10... Nf6 11. Bb4 $18) (10... e6 11. Qe2 $1 exd5 12. exd5+ Qe7 (
12... Kd8 13. d6 $1 $18) (12... Ne7 13. Bb4 $18) 13. Qc4 $40) (10... Kf8 11.
Be3) 11. Be3 {White tries to prove, that black's opening strategy (so many
moves with the queen) is wrong.} ({It seems like} 11. Rb5 {promises white an
obvious advantage:} Qc6 12. Bxa5 Ba6 13. Nc7+ Kf8 14. Rb3 Rc8 15. Nxa6 Qxa6 16.
Qxd7 Nf6 17. Qb7 $16 {1-0 Petrov,M-Stanojoski,Z/Athens 2003/EXT 2004 (49)})
11... Qc6 $146 {New move in bad position for black. In the previous game black
tried} (11... Qc4 {, which loses immediately:} 12. Qd3 $1 Qxd3 13. cxd3 Kd8 14.
Bd2 $1 {1-0 Comp MChess Pro-Van der Pol,W/The Hague 1995/EXT 99 (14)}) 12. Bf4
(12. Nd4 $5 $16 {seems also very dangerous for black.}) 12... d6 13. Nd4 Bxd4 {
The only move.} (13... Qd7 14. Nb5 $18) 14. Qxd4 f6 15. Rb3 $1 {[%cal Gb3c3]}
Kf7 ({Maybe the least of the evils was} 15... e5 {, trading the queens and
getting a much worse endgame:} 16. Rc3 exd4 (16... Qd7 17. Qd2 Rb8 18. Rc7 $16
{[%cal Gf4e3]}) 17. Rxc6 $16 {/+-}) 16. Rc3 {Now white invades with his forces
into the black camp.} Qd7 17. Rc7 ({White could prefer another way to win the
game:} 17. Rb1 {[%cal Gd5c7]} e5 18. Qd2 exf4 19. Nc7 $18) 17... Qd8 $2 ({
Better was} 17... Qe6 18. Qa4 $1 $18 {, but the position favours white anyway.}
) 18. Qc4 $2 {missing a much more attractive continuation:} ({Why not} 18.
Rxe7+ $1 $18 {?} Kf8 (18... Qxe7 19. Nxe7 Nxe7 20. Bg5 Ng8 21. Qd5+ $18) (18...
Nxe7 19. Qxf6+ Ke8 20. Qxh8+ Kd7 21. Nf6+ Kc7 22. Bxd6+ Qxd6 23. Ne8+ $18) 19.
Qxf6+ (19. Bh6+ Nxh6 20. Qxf6+ Kg8 21. Qg7#) 19... Nxf6 20. Bh6+ Kg8 21. Nxf6#)
18... Be6 {Now black gets some chances.} 19. Qc6 Rc8 20. Bxd6 Rxc7 21. Bxc7 Qd7
22. Qxd7 ({After} 22. Qc5 Bxd5 23. exd5 Nh6 $16 {black keeps some chances.})
22... Bxd7 23. Rb1 $6 ({Much preciser was} 23. Rd1 $1 Bc6 24. Bxa5 e6 25. Nb4
$1 Bxe4 26. f3 $18) 23... e6 24. Ne3 Bc6 (24... Ne7 25. Bxa5 $16) 25. f3 Ne7
26. Bxa5 {White is a pawn up, and this endgame should be winning. But he has
to be careful, as black's chances can grow after an exchange of knights...} e5
27. Nc4 Ke6 28. Rd1 {Now white tries to use the weaknesses in the camp of his
opponent, invading with the rook into 6-th rank.} Rb8 29. Rd6+ Kf7 30. Bd8 Rc8
31. Ne3 {transfering the knight to g4.} Ke8 (31... h5 {doesn't help.} 32. g4
$16 (32. c4 $16)) 32. Ba5 Kf7 33. Ng4 Ng8 34. Bd8 $1 Bb5 ({After} 34... h5 35.
Nxf6 Rxd8 36. Rxd8 Nxf6 37. Rc8 $1 Ba4 38. c4 $1 $18 {[%cal Gc8a8] the endgame
is lost for black.}) 35. Nxf6 $6 {missing a more attractive continuation:} (35.
a4 $1 Bxa4 (35... Bc4 36. Nxf6 Nxf6 (36... Rxd8 37. Rxd8 Nxf6 38. Rc8 $18) 37.
Bxf6 $18) 36. Bxf6 Nxf6 37. Rxf6+ Ke7 38. Ra6 $18) (35. Bxf6 $2 Nxf6 36. Rxf6+
Ke7 $11) 35... Nxf6 (35... Rxd8 36. Rxd8 Nxf6 37. Rc8 $16 {/+-}) 36. Bxf6 Rxc2
37. Bxe5 $16 {/+-. White is a pawn up, but we have an endgame with opposite
coloured bishops, that improves black's chances. On the other hand, there are
rooks on the board, and white's pawns on the kingside are connected. Therefore,
the endgame should be winning for white.} Rc1+ (37... Rxa2 38. Bc3 $16) 38. Kf2
Rc2+ 39. Kg3 Rxa2 40. Bd4 Rd2 ({Deserves attention:} 40... Bf1 41. Bf2 h5 42.
h4 a5 43. Rd1 $16) 41. e5 Bf1 42. Bxa7 Rxg2+ ({The endgame, which is created
after} 42... Rxd6 43. exd6 $18 {is winning for white. White's plan is very
simple: he will activize the king, afterwards he will organize the "h" passed
pawn. And black will not be able to hold the "d" and "h" pawns at the same
time.}) 43. Kf4 Bc4 ({In case of capture on h2:} 43... Rxh2 {white's passed
pawn "e" decides the result of the game.} 44. e6+ Ke7 45. Bc5 Rh5 46. Rc6+ Rxc5
47. Rxc5 Kxe6 48. Kg5 $18) 44. Rf6+ Ke8 45. Bc5 $1 $18 {[%cal Ge5e6] Now it is
clear, that white's position is winning. He is going to push forward his "e"
pawn with support of his active pieces, including his monarch.} Kd7 46. Rd6+
Ke8 47. Rb6 Kd7 (47... Re2 {doesn't change anything:} 48. Rb7 h6 49. h4 $18 {
[%cal Yc5d6,Gb7h7,Yf4g5,Yg5f6]}) 48. e6+ $1 Kc7 (48... Bxe6 49. Rd6+ $18) 49.
e7 {The rest is an easy job for white.} Re2 50. Rf6 Bb5 51. Rf8 Bd7 (51... Re6
52. Bb4 {[%cal Gf4g5]} h6 53. h4 $18 {[%cal Gf8h8]}) 52. Be3 g5+ 53. Ke4 Bc6+
54. Kd4 Rxh2 55. Bxg5 Rf2 56. Bh4 Rf1 57. Ke3 {with following e8Q.} 1-0

[Event "Olympiad-36"]
[Site "Mallorca"]
[Date "2004.10.22"]
[Round "7"]
[White "Kritz, Leonid"]
[Black "Arapovic, Vitomir"]
[Result "1-0"]
[WhiteElo "2543"]
[BlackElo "2430"]
[Annotator "Erenburg,S"]
[PlyCount "71"]
[EventDate "2004.10.15"]
[EventType "team-swiss"]
[EventRounds "14"]
[EventCountry "ESP"]
[SourceTitle "CBM 104"]
[Source "ChessBase"]
[SourceDate "2005.01.27"]
[SourceVersion "1"]
[SourceVersionDate "2005.01.27"]
[SourceQuality "1"]
[WhiteTeam "Germany"]
[BlackTeam "Bosnia&Herzegovina"]
[WhiteTeamCountry "GER"]
[BlackTeamCountry "BIH"]

1. d4 g6 2. e4 Bg7 3. Nc3 d6 4. f4 c6 5. Nf3 Bg4 {Black immediately attacks
white's center, pinning the white's kingside knight. The alternative could be}
(5... Qb6 {0-1 Petronic,J-Barlov,D/Belgrade 1998/CBM 64/[Yudasin,L] (47)}) 6.
Be3 Qb6 {The main continuation. Black continues his logical plan of pressing
the white's center. Other moves are:} (6... Nd7 7. h3 Bxf3 8. Qxf3 {1/2-1/2
Campora,D-Granda Zuniga,J/Leon 1997/CBM 60/[Har Zvi] (29)}) (6... d5 {1/2-1/2
Lobzhanidze,D-Sichinava,R/Kstovo 1997/CBM 59/[Yudasin,L] (52)}) (6... Qa5 7.
Bd3 {1-0 Nataf,I-Chabanon,J/Enghien les Bains 1997/CBM 58/[Har Zvi] (27)}) 7.
Qd2 {White chooses the d2 location for his queen, probably, keeping in mind
the option of transfering it to diagonal g1-a7. White tried also:} (7. Qd3 Bxf3
8. gxf3 Nd7 9. O-O-O Qa5 10. Kb1 Ngf6 11. h4 d5 12. Bh3 e6 13. f5 exf5 14. exf5
Qc7 15. Bg1 O-O 16. Bh2 Qd8 17. fxg6 fxg6 18. f4 Nb6 19. f5 Nc4 20. fxg6 Qb6
21. b3 Rae8 22. gxh7+ Kh8 23. Rhg1 Nh5 {1/2-1/2 Lalic,B-Arapovic,V/Porec 1998/
EXT 99 (23)}) 7... Bxf3 {Black worsens white's pawn structure, and solves the
problem of his light-squared bishop. This decision seems as the most
principled in this position. Other possibilites are:} (7... Nd7 8. Be2 Qa5 $6
9. O-O Bxf3 10. Bxf3 e5 11. b4 $1 Qd8 12. Rad1 Ne7 13. fxe5 dxe5 14. d5 $18 {
1-0 Korneev,O-Vassallo Barroche,M/Mislata 2001/EXT 2002 (27)}) (7... Nf6 8. Be2
Qc7 9. h3 Bxf3 10. Bxf3 e5 11. O-O-O Nbd7 12. g4 Nb6 13. Qe2 Nfd7 14. g5 h5 15.
gxh6 Bxh6 16. fxe5 Bxe3+ 17. Qxe3 dxe5 $13 {0-1 Tzermiadianos,A-Istratescu,A/
Patras 2001/CBM 83 ext (28)}) 8. gxf3 Nd7 {preparing long castle.} 9. O-O-O (9.
Bh3 Qc7 10. a4 Ngf6 11. f5 Rb8 12. O-O a5 13. Rae1 O-O 14. f4 gxf5 15. Bxf5 e6
16. Bh3 b5 17. e5 b4 18. Nd1 Nd5 19. Rf3 f5 20. exf6 Rxf6 21. Bf2 $14 {0-1
Hector,J-Mortensen,E/Kerteminde 1991/CBM 23/[King] (37)}) 9... Qa5 10. Kb1 {
Good prophylactic move against black's activity on the queenside.} Ngf6 {
Other continuations don't promise an equality:} (10... b5 11. h4 Nb6 12. Bd3
Nf6 13. Qg2 Nh5 14. Ne2 Nc4 15. Bc1 Bh6 16. Qg4 Rb8 17. Ng3 Nf6 18. Qh3 Nd7 19.
h5 $36 {Anand,V-Hickl,J Biel-B 1988}) (10... O-O-O 11. Rg1 Kb8 12. Rg5 Qc7 13.
d5 Nb6 14. dxc6 bxc6 15. Qd3 Nf6 16. Ra5 $14 {1-0 Polgar,J-Crouch,C/Hastings
1992/CBM 33 (38)}) 11. Rg1 O-O-O $6 $146 {I think, that this novelty is
unsuccessful, as white gets immediate possibility to move forward his pawn
construction in the centre with f4-f5.} ({In the previous game black continued
with more precise} 11... Nh5 {, that protects g7 bishop and liberates the f6
square for the queenside knight.} 12. Rg5 Qc7 13. e5 O-O-O 14. Bh3 Kb8 15. e6
Nb6 16. exf7 Nc4 17. Qe2 d5 $15 {0-1 Mainka,R-Hickl,J/Bad Neuenahr 1989/CBM 15
(26)}) 12. f5 (12. Nd5 {doesn't work in view of} Qxd2 13. Nxe7+ Kc7 14. Bxd2
Bf8 $17) 12... Qc7 ({Comes to consideration:} 12... Nb6 $5 13. f4 (13. fxg6
hxg6 14. Rg5 e5 $13) 13... Na4 14. Nxa4 Qxa4 15. Bd3 $14) 13. Qf2 Rhg8 14. Bh3
Kb8 15. f4 $14 {White's forces have occupied good positions, the space
advantage is on their side. White's plan of developing the initiative is very
simple: moving forward of central pawns. Therefore, there is no doubt, that
the position favours white.} Nb6 {trying to create counterplay on the
queenside.} 16. Bc1 Nc4 $2 {Serious mistake, that allows white to get nearly
decisive advantage...} ({Better was} 16... gxf5 17. Bxf5 e6 18. Bh3 Qe7 $14 {
Black's position is slightly worse, but it is very solid.}) 17. e5 Nd5 (17...
Nd7 {doesn't make black's life easier:} 18. e6 Nf8 19. exf7 $18) 18. Nxd5 cxd5
19. e6 $1 {The black's kingside pawns are collapsed!} Qb6 20. Ka1 {White
doesn't hurry- first he prevents from black any counterchances on the
queenside.} fxe6 (20... Rgf8 21. exf7 Rxf7 22. fxg6 hxg6 23. Rxg6 $18) 21. fxg6
hxg6 (21... Bf6 22. Bxe6 Rxg6 23. Rxg6 hxg6 24. Bxd5 $18) 22. Bxe6 Rh8 23. Rxg6
Bf6 24. Bxd5 $18 {White is two pawns up, he has a pair of bishops, while black
doesn't have any counterplay. The rest was an easy job for Leonid.} Qb5 25. Be6
d5 26. c3 Rd6 27. f5 {opening the h2-b8 diagonal for the queen. White is much
quicker than black to create the threats against evil's monarch.} Ra6 28. Qg3+
Nd6 ({Doesn't change anything:} 28... Be5 29. Qg5 $1 {[%cal Gg6g8,Yg5e7]} ({
But not} 29. dxe5 Qb3 30. a3 Nxa3 $19) 29... Bf6 (29... Qb3 30. Rg8+ Kc7 (30...
Rxg8 31. Qxg8+ Kc7 32. Qc8+ Kb6 33. Qc5#) 31. Qxe7+ Kb6 32. Qc5#) 30. Bf4+ Nd6
31. Bxd6+ exd6 32. Qc1 Qb3 33. a3 Rxh2 34. Rd2 $18 {and white's "f" pawn is
unstoppable!}) 29. Rg1 {adding another heavy piece to attack.} Kc7 (29... Qb3 {
is parried by simple} 30. a3 $18) {[%tqu "En","Please find the simplest way to
win the game for white.","","","g6f6","",10]} 30. Rxf6 $1 exf6 31. Qg7+ Kb6 32.
Qxh8 Rxa2+ {Desperation.} 33. Kxa2 Qa6+ 34. Kb3 Qb5+ 35. Kc2 Qe2+ 36. Bd2 1-0

[Event "Lausanne YM 5th"]
[Site "Lausanne"]
[Date "2004.09.18"]
[Round "2.4"]
[White "Navara, David"]
[Black "McShane, Luke J"]
[Result "0-1"]
[WhiteElo "2616"]
[BlackElo "2643"]
[Annotator "Erenburg,S"]
[PlyCount "92"]
[EventDate "2004.09.15"]
[EventType "k.o."]
[EventRounds "3"]
[EventCountry "SUI"]
[SourceTitle "CBM 104"]
[Source "ChessBase"]
[SourceDate "2005.01.27"]
[SourceVersion "1"]
[SourceVersionDate "2005.01.27"]
[SourceQuality "1"]

1. d4 g6 2. e4 Bg7 3. Nc3 d6 4. Be3 Nd7 5. f4 a6 6. Nf3 b5 7. Bd3 Bb7 8. e5 e6
{Again McShane prefers the completing of development at the first place to
immediate attack on the white's centre:} (8... c5 {1-0 Morozevich,
A-Chatalbashev,B/Plovdiv 2003/CBM 98/[Erenburg] (51)}) (8... Nb6 9. O-O e6 10.
a4 b4 11. Ne4 Ne7 12. Bf2 Bxe4 13. Bxe4 Nbd5 14. a5 $1 $14 {Tiviakov,
S-Azmaiparashvili,Z/Groningen 1994/CBM 45}) (8... Nh6 $6 $146 {1-0 Antal,
G-Vajda,L/Nagykanizsa 2003/CBM 99/[Erenburg] (45)}) 9. a4 {In this game David
prefers more popular continuation.} ({In the previous one in the same
tournament he continued} 9. Qe2 $146 Ne7 10. O-O-O Nb6 {0-1 Navara,D-McShane,L/
Lausanne 2004/CBM 104_01/[Erenburg] (29)}) (9. Ne4 Nb6 10. O-O Ne7 11. Qe1 Nf5
12. Bd2 h5 13. b3 {[%cal Gc2c4]} Bxe4 $1 14. Bxe4 d5 15. Bd3 Bf8 {[%cal Gc7c5]}
16. b4 Be7 $15 {0-1 Chandler,P-Khalifman,A/Bad Wiessee 1997/CBM 61 ext (45)})
9... b4 (9... bxa4 10. O-O Ne7 11. Qe2 Qb8 12. Rxa4 c5 13. Bxa6 Bxf3 14. Qxf3
cxd4 15. Bxd4 O-O 16. Bb5 Rxa4 17. Bxa4 dxe5 18. fxe5 Nxe5 $11 {0-1 Polgar,
J-Gausel,E/Haifa 1989/EU-chT (31)}) 10. Ne4 Ne7 {Very interesting sacrifice of
the pawn. Black is going to get very active positions for his pieces. Another
possibility is} (10... Nb6 11. Bd2 a5 12. Bb5+ $14 {1/2-1/2 Morozevich,
A-Azmaiparashvili,Z/Bugojno 1999/CBM 74/[Oratovsky,M] (41) now black forced to
lose a castle.}) 11. exd6 Nf5 12. dxc7 Qxc7 13. Bd2 $146 {This move is new.
White intends to take the b4 pawn, thus, preventing from black to castle short.
In the previous game white tried} (13. Qd2 O-O 14. a5 Nf6 15. Nxf6+ Bxf6 16.
Bxf5 gxf5 17. O-O Be4 18. Rf2 Rab8 19. Qe2 Rb5 $132 {0-1 Goldin,A-Becerra
Rivero,J/Connecticut 2000/EXT 2001 (29)}) 13... O-O 14. c3 {protecting the d4
pawn.} ({The capture on b4 seems extremely dangerous:} 14. Bxb4 Rfd8 (14...
Qxf4 15. Bxf8 Rxf8 16. g3 $16) 15. c3 (15. O-O Nxd4) 15... Qxf4 16. Qe2 a5 17.
Ba3 e5 $44) 14... bxc3 15. bxc3 Nb6 {Black is going to occupy the central
light squares with the knights.} 16. O-O Nd5 ({Deserved attention} 16... Nc4
17. Qe2 Bd5 18. Ne5 $14) 17. Qc1 {protecting both c3 and f4 pawns.} Rac8 {
threatening with the capture on c3.} 18. Nc5 a5 19. Rb1 Ba8 20. Ne5 $16 {
White succeeded to prevent black's activity. Now his pieces are located not
worse, than the opponent's ones... White is a pawn up, therefore, I can
evaluate this position as an obvious advantage for white.} Qd6 (20... Rfd8 21.
Qe1 $16) 21. Qe1 ({For human player, it is not so easy to make the following
move:} 21. Rb5 $5 {White is going to capture another pawn, and it is not so
easy for black to prove that he has something concrete...} Nf6 22. Rxa5 Qd5 23.
Rf2 $18) 21... h5 22. Qf2 Nf6 $1 23. Nc4 $6 {Illogical decision. White doesn't
have too many pieces around his monarch. Now white gave up on the g4 square...}
({Again came to consideration} 23. Rb5) 23... Qd8 24. Nb7 $2 {throwing away
the advantage...} ({Better was} 24. Qe2 Ng4 25. Nb7 Qh4 26. h3 Ng3 27. Qe1 $18)
24... Qe7 $2 {Black wants to attack white's monarch and even doesn't think
about equality.} ({But, objectively stronger is} 24... Bxb7 25. Rxb7 Rxc4 26.
Bxc4 Nd6 27. Ba6 Nfe4 28. Qe2 Nxd2 29. Qxd2 Nxb7 30. Bxb7 Qd7 $11) 25. Nbxa5
Ng4 26. Qe1 ({Of course, Fritz finds the way to parry black's attack:} 26. Qe2
Qh4 (26... Nxh2 27. Kxh2 Qh4+ 28. Kg1 Ng3 29. Qe3 Qh1+ 30. Kf2 Qxg2+ 31. Ke1
$16) 27. h3 Ng3 28. Qe1 Bf6 29. Nb7 $3 Rc7 (29... Nxf1 30. Qxf1 $18 {[%cal
Yd2e1]}) 30. Rf3 Nf5 31. Qxh4 Bxh4 (31... Nxh4 32. Rg3 $18) 32. Nca5 $18) 26...
Bf6 27. Nb6 $6 ({Probably, stronger was} 27. Bxf5 gxf5 28. h3 $44 {, but it is
clear that black has quite a serious compensation, thanks to extremely active
pieces (especially the light-squared bishop).}) 27... Nxh2 $1 28. Bxf5 $2 {
This move isn't the decisive mistake, but black's chances become much better...
} ({Better is} 28. Nxc8 Rxc8 29. Kxh2 Bh4 30. g3 $1 ({But not} 30. Rf2 Bg3+ 31.
Kg1 Qh4 32. Bxf5 exf5 33. Rb5 $1 {[%cal Yb5e5]} Be4 34. Qe3 Qh2+ 35. Kf1 Bxf2
36. Kxf2 (36. Qxf2 Bd3+ $19) 36... Qxg2+ 37. Ke1 Bf3 38. Qf2 Qh1+ 39. Qf1 Qh4+
40. Qf2 $11) 30... Bxg3+ 31. Qxg3 Nxg3 32. Kxg3 $16) 28... Nxf1 29. Nxc8 Rxc8
30. Bxe6 $4 {Now it is already decisive mistake. White goes for the position
without bishop! While, he had the following option:} (30. Qxf1 gxf5 31. Nc4 Be4
$44 {Of course, white's position is very dangerous, but it isn't losing yet!})
30... Nxd2 31. Bxc8 Nxb1 32. Qxe7 (32. Qxb1 {loses as well:} Qe3+ 33. Kh2 Qxf4+
34. Kg1 Qc7 35. Bb7 Qxa5 $19) 32... Bxe7 $19 {Now white is just a piece down
without any compensation. The rest is a matter of an easy technique.} 33. Nc4 (
33. c4 Nd2 $1 $19 {[%cal Ye7b4]}) 33... Nxc3 34. a5 Ne2+ 35. Kf1 Nxd4 36. a6
Bc5 37. Ne5 Bd5 38. Bb7 Bxb7 39. axb7 Bd6 40. Nd7 Nc6 41. g3 Kg7 42. Kf2 f6 43.
Kf3 Kf7 44. Ke4 Ke6 45. Nb6 f5+ 46. Kd3 Na5 {winning the b7 pawn and the game.}
0-1